| 000 | 00600cam a22001814a 4500 | ||
|---|---|---|---|
| 020 | _a047198762X (pbk. : alk. paper) | ||
| 040 | _cDLC | ||
| 082 | 0 | 0 | _a658 WIL 1999 A091 Co. |
| 100 | 1 | _aBurke, Rory, | |
| 245 | 1 | 0 |
_aProject management : _bplanning and control techniques / |
| 250 | _a3rd ed. | ||
| 260 |
_aChichester, England ; _aNew York : _bJ. Wiley, _cc1999. |
||
| 300 |
_axii, 343 p. : _bill. ; _c24 cm. |
||
| 650 | 0 | _aProject management. | |
| 856 | 4 | _uhttp://www.loc.gov/catdir/toc/onix07/99013356.html | |
| 856 | 4 | 2 | _uhttp://www.loc.gov/catdir/enhancements/fy0706/99013356-d.html |
| 942 | _cEK | ||
| 999 |
_c15524 _d15524 |
||